|
|
|
|
| LEADER |
00000nab a2200000u 4500 |
| 001 |
vtls011831381 |
| 003 |
SK-MaSNL |
| 005 |
20260303192300.0 |
| 008 |
181220|20181220xo ||||||| ||00 ||slo| |
| 038 |
|
|
|a KEVKJB
|
| 040 |
|
|
|a KEVKJB
|b slo
|e rda
|
| 041 |
0 |
|
|a slo
|
| 043 |
|
|
|a e-xo---
|
| 044 |
|
|
|a xo
|c SK
|
| 072 |
|
7 |
|a 796
|x Šport. Hry. Telesné cvičenia
|2 konspekt
|
| 080 |
|
|
|a 796.332
|2 2011
|
| 100 |
1 |
|
|a (ač)
|4 aut
|9 933514
|
| 245 |
1 |
0 |
|a Štartuje Krajská futbalová liga
|b záujem klubov o pilotný projekt prekvapil, prihlásilo sa 93 družstiev
|c [autor] (AČ)
|
| 300 |
|
|
|b Fotografie
|
| 336 |
|
|
|a text
|b txt
|2 rdacontent
|
| 337 |
|
|
|a bez média
|b n
|2 rdamedia
|
| 338 |
|
|
|a zväzok
|b nc
|2 rdacarrier
|
| 610 |
2 |
7 |
|a Košický samosprávny kraj (Slovensko).
|b Úrad
|2 kevkjb
|9 30611
|
| 650 |
0 |
7 |
|a futbal
|2 kevkjb
|9 3291
|
| 650 |
0 |
7 |
|a Krajská futbalová liga - Zimný pohár predsedu KSK (projekt)
|2 kevkjb
|9 1222587
|
| 650 |
0 |
7 |
|a projekty
|2 kevkjb
|9 18866
|
| 651 |
|
7 |
|a Košice (Slovensko)
|2 kevkjb
|9 18694
|
| 773 |
0 |
|
|t KOŠICE:DNES
|g Roč. 5, č. 245 (20.12.2018), s. 15
|x 1339-7605
|
| 852 |
|
|
|a KEVKJB
|b KIS3GCP
|
| 999 |
|
|
|c 2145342
|d 2147272
|